00815nam a22001577a 450000500170000000800410001702000150005805000190007310000190009224501330011126000430024430000190028750503140030670000170062070000200063720210414113905.0111214t xxu||||| |||| 00| 0 eng d a047110826x aBF121.H28.1995 aHuffman, Karen aHandbook for non-native speakers to accompany essentials of psychology in action /cKaren Huffman, Vernoy Mark and Vernoy Judith aNew York:bJohn Willey and Son;c1995. a109 p.:c26cm. aContents: Introduction to psychology -- The Biological bases of behaviour -- Sensation and perception -- Consciousness -- Learning -- Memory -- Thinking and intelligence -- Life span development -- Motivation -- Emotions, stress and coping -- Personality -- Abnormal behaviour -- Therapy -- Social psychology. aVernoy, Mark a Vernoy, Judith